NFL Quiz 1.1 - Statistics

General Stats
  • This quiz has been taken 34 times
  • The average score is 10 of 15
Answer Stats
Question: Answer: % Correct
Which teams won 6 rings? (name one) New England PatriotsPittsburgh Steelers
97%
Which player has won 7 superbowls? Tom Brady
94%
How many games are in the regular season as of 2020? 17
90%
What does the abbreviation "NFL" stand for? National Football League
90%
How many teams out of 32 make the NFL Playoffs? 14
87%
Name one of the two conferences in the NFL: American Football ConferenceNational Football Conference
87%
Who holds the record for most Passing TDs (55) in a single season? Peyton Manning
81%
Which team beat the 16-0 New England Patriots in Superbowl LXII? New York Giants
71%
Who replaced Tony Romo after his spine injury during the 2016 preseason? Dak Prescott
68%
Which team was the only team to achieve a undefeated season? Miami Dolphins
68%
Which team won Superbowl LIX? Philadelphia Eagles
68%
Who is the current Commissioner of the NFL? Roger Goodell
48%
Who get the top 4 seeds in the playoffs? Division Leaders
23%
How is a #1 seed selected if 2 teams have the same record? Conference Record
10%
Where will Superbowl LX be held? Levi Stadium
10%
No matching quizzes found
Score Distribution
Percent of People with Each Score
Percentile by Number Answered
Your Score History
You have not taken this quiz